Catálogo

Vista normal Vista MARC

Entrada Personal Name

Número de registros utilizados en: 1

001 - CONTROL NUMBER

  • control field: 16876

003 - CONTROL NUMBER IDENTIFIER

  • control field: DLC

005 - DATE AND TIME OF LATEST TRANSACTION

  • control field: 20250318111736.0

008 - FIXED-LENGTH DATA ELEMENTS

  • fixed length control field: 020419n| acannaabn |a aaa c

010 ## - LIBRARY OF CONGRESS CONTROL NUMBER

  • LC control number: nr2002015496

035 ## - SYSTEM CONTROL NUMBER

  • System control number: (OCoLC)oca05748561

040 ## - CATALOGING SOURCE

  • Original cataloging agency: UPB
  • Language of cataloging: spa
  • Transcribing agency: Mx-PuUPA
  • Modifying agency: CoU
  • Modifying agency: Mx-PuUPA
  • Description conventions: rda

046 ## - SPECIAL CODED DATES

  • Birth date: 1980

100 1# - HEADING--PERSONAL NAME

  • Personal name: Reyna, Juan,
  • Dates associated with a name: 1980-

374 ## - OCCUPATION

  • Occupation: Autor

375 ## - GENDER

  • Gender: hombre

377 ## - ASSOCIATED LANGUAGE

  • Language code: spa

400 1# - SEE FROM TRACING--PERSONAL NAME

  • Personal name: Reyna, Juan Carlos,
  • Dates associated with a name: 1980-

670 ## - SOURCE DATA FOUND

  • Source citation: Antología de jóvenes creadores, 2001:
  • Information found: t.p. (Juan Reyna) front flap (b. 1980 in Tijuana, B.C. [Mexico])

670 ## - SOURCE DATA FOUND

  • Source citation: La(s) estética(s) de la mundialización, 2009:
  • Information found: t.p. (Juan Carlos Reyna) front cover flap (b. 1980 in Tijuana; works in music, literature, and criticism; writes for several newspapers and magazines; as a musician is part of the bands Nortec and Tijuana Sound Machine)